| 000 | 00392nam a22001697a 4500 | ||
|---|---|---|---|
| 005 | 20160628103542.0 | ||
| 008 | 160628b xxu||||| |||| 00| 0 eng d | ||
| 020 | _a978-81-7992-706-9 | ||
| 041 | _aeng | ||
| 082 | _b10730 | ||
| 100 |
_aSharma, Robin _91740 |
||
| 245 | _aThe monk who sold his ferrari | ||
| 260 |
_bJaico _c2009 |
||
| 300 | _a196 | ||
| 650 |
_aManagement _9241 |
||
| 942 | _cBK | ||
| 999 |
_c4377 _d4376 |
||